Para las generaciones más nuevas, la revolución apenas comienza

Gespeichert in:
Bibliographische Detailangaben
Format: Buch
Sprache:Spanish
Tags: Tag hinzufügen
Keine Tags, Fügen Sie den ersten Tag hinzu!

MARC

LEADER 00000nam a22000007a 4500
003 cru CIDCACS/IIS
005 20190228132357.0
007 ta
008 190222s19981999cu |||p|r||||||0| ||spa|d
999 |c 42218  |d 42218 
040 |c cru CIDCACS/IIS 
245 1 |a Para las generaciones más nuevas, la revolución apenas comienza 
300 |a páginas 9-17:  |b fotos 
773 0 |0 42217  |9 2702  |a Asociación por la Unidad de Nuestra América  |d Cuba: AUNA-CUBA,  |o 18219  |t América Nuestra/ 
942 |2 ddc  |c PP